| 000 | 00510nam a22001697a 4500 | ||
|---|---|---|---|
| 005 | 20251108164009.0 | ||
| 008 | 250721s1996 xx 000 0 ara d | ||
| 082 | 1 | 4 | _a320.158/ناص |
| 100 | 1 | _aالناصر، أكرم عسكر | |
| 245 | 1 | 0 |
_aالدولة العربية : _bالشورى - الوحدة - العدالة / |
| 264 |
_bدار أكرم، _c1996. |
||
| 300 | _a120ص. | ||
| 650 | 1 | 7 | _aالوحدة العربية |
| 650 | 1 | 7 | _aالقومية العربية |
| 942 |
_2ddc _cBK |
||
| 999 |
_c1035 _d1035 |
||